| 000 | 00788nam a2200253 i 4500 | ||
|---|---|---|---|
| 001 | bg | ||
| 100 | 1 | _aSZUKIEL, Eleonora | |
| 245 | 1 | 0 |
_aWpływ skażeń środowiska na zwierzęta lasów i pól / _cEleonora Szukiel. |
| 260 |
_aWarszawa : _bAgencja Reklamowo-Wydawnicza Arkadiusz Grzegorczyk, _c1996. |
||
| 300 |
_a102, [2] s. : _bfot. kolor., wykr. ; _c29 cm. |
||
| 490 | 1 | _aPoznajmy Las | |
| 504 | _aBibliogr. s. 98, 100, 102. | ||
| 650 | 9 |
_aChemikalia a zwierzęta _zEuropa |
|
| 650 | 9 |
_aZwierzęta _xhigiena i ochrona |
|
| 655 | _aWydawnictwa popularne | ||
| 830 | _aPoznajmy Las | ||
| 020 | _a8386902353 | ||
| 040 | _cBPK | ||
| 041 | 0 | _apl | |
| 080 | _a504.7.05:596](4)(02.025.2) | ||
| 920 | _a83-86902-35-3 | ||
| 942 | _cKS | ||
| 008 | s pl f |000 0 pol | ||
| 999 |
_c32227 _d32227 |
||
| 856 |
_uhttp://koha.tu.koszalin.pl/cgi-bin/koha/opac-detail.pl?biblionumber=32227 _yKatalog online BPK |
||